大阪駅から直線距離で30km圏内にある駅サドンデス - Statistics

General Stats
  • This quiz has been taken 418 times
  • The average score is 2 of 15
Answers on the Grid
Answers color-coded by a green-red scale on the quiz's grid according to % correct below.
関西空港
岸和田
東岸和田
和泉中央
河内長野
尺土
高田(奈良県)
大和高田
法隆寺
平端
郡山(奈良県)
奈良
木津(京都府)
新田辺
松井山手
石清水八幡宮
長岡京
長岡天神
亀岡
妙見口
日生中央
三田(兵庫県)
有馬温泉
谷上
鈴蘭台
新神戸
神戸(兵庫県)
新開地
和田岬
神戸空港
 
Answer Stats
Answer % Correct
岸和田
36%
神戸(兵庫県)
31%
新神戸
28%
神戸空港
21%
和泉中央
20%
河内長野
16%
松井山手
15%
妙見口
15%
日生中央
15%
石清水八幡宮
13%
法隆寺
8%
有馬温泉
8%
郡山(奈良県)
6%
新田辺
6%
平端
2%
No matching quizzes found
Score Distribution
Percent of People with Each Score
Percentile by Number Answered
Your Score History
You have not taken this quiz